Die Top 16 der PDC Order of Merit 2016 - Statistiken

Allgemein
  • Dieses Quiz wurde 30 mal gespielt
  • Das Durchschnittsergebnis liegt bei 11 aus 16
Antwortstatistiken
Weltranglistenplatz Land Dartsspieler % Korrekt
1 Niederlande Michael van Gerwen
95%
3 Schottland Peter Wright
95%
2 Schottland Gary Anderson
86%
6 England James Wade
86%
4 England Phil Taylor
86%
12 Niederlande Raymond van Barneveld
81%
5 England Adrian Lewis
76%
13 Belgien Kim Huybrechts
76%
8 Österreich Mensur Suljovic
76%
7 England Dave Chisnall
67%
11 England Michael Smith
62%
15 Niederlande Benito van de Pas
57%
10 Niederlande Jelle Klaasen
57%
9 Schottland Robert Thornton
48%
14 England Ian White
43%
16 England Stephen Bunting
24%
Keine übereinstimmenden Quizze gefunden
Verteilung der Resultate
Anzahl Personen mit jedem Resultat
Perzentil nach korrekt beantworteten Fragen
Ihre Resultats-Entwicklung
Sie haben dieses Quiz noch nicht gespielt